Toute la lyre / (Record no. 155754)

MARC details
000 -LEADER
campo de control de longitud fija 00774nam a22002175i 4500
001 - NÚMERO DE CONTROL
campo de control 155754
003 - IDENTIFICADOR DE NÚMERO DE CONTROL
campo de control ES-MaACL
005 - FECHA Y HORA DE LA ÚLTIMA TRANSACCIÓN
campo de control 20250716062632.0
008 - DATOS DE LONGITUD FIJA--INFORMACIÓN GENERAL
campo de control de longitud fija 040728q18901910fr |||| | fre d
040 ## - FUENTE DE CATALOGACIÓN
Centro catalogador/agencia de origen CAM
Lengua de catalogación spa
Centro/agencia transcriptor CAM
100 1# - ENTRADA PRINCIPAL--NOMBRE DE PERSONA
Nombre de persona Hugo, Victor,
Fechas asociadas al nombre 1802-1885
9 (RLIN) 64627
245 10 - MENCIÓN DEL TÍTULO
Título Toute la lyre /
Mención de responsabilidad, etc. Victor Hugo.
260 ## - PUBLICACIÓN, DISTRIBUCIÓN, ETC.
Lugar de publicación, distribución, etc. Paris :
Nombre del editor, distribuidor, etc. J. Hetzel,
Fecha de publicación, distribución, etc. [s.a.] (
Fabricante Lib.-Imp. réunier, Motteroz)
300 ## - DESCRIPCIÓN FÍSICA
Extensión 3 v. (284; 265; 223 p.) ;
Dimensiones 18 cm.
490 1# - MENCIÓN DE SERIE
Mención de serie Oeuvres phostumes de Victor Hugo
596 ## - NOTA AL PIE DE IMPRENTA
NOTA AL PIE DE IMPRENTA El imp. del t.III es "Lib.-Imp. réunies"
596 ## - NOTA AL PIE DE IMPRENTA
NOTA AL PIE DE IMPRENTA Probablemente impreso en la última década del siglo XIX o primera del XX.
830 0# - PUNTO DE ACCESO ADICIONAL DE SERIE-TÍTULO UNIFORME
Título uniforme Oeuvres phostumes de Victor Hugo
9 (RLIN) 221599
852 ## - LOCALIZACIÓN
Ubicación ES-MaACL
Número de control de estantería G-3090-92
Nota libre -- Enc. hol.
Holdings
Estatus retirado Estado de pérdida Estado de daño No para préstamo Biblioteca de origen Biblioteca actual Ubicación en estantería Fecha de adquisición Total de préstamos Signatura topográfica completa Código de barras Visto por última vez Precio de reemplazo Tipo de ítem Koha
        Biblioteca del Ateneo de Madrid Biblioteca del Ateneo de Madrid Depósito 2 17/01/2008   G-3090-92 1162926 23/02/2023 23/02/2023 Libro impreso